01644 a2200265 45000010006000000050017000060080041000230030015000640400040000790800039001192450027001582640043001853000019002285050862002471000028011097000030011377000034011677000026012017000022012277000027012497000022012767000027012987000021013257000032013463027120260407155614.0260407a1980 arg spa dAR-UNSa-BCEJYS aAR-UNSa-BCEJYSbspacAR-UNSa-BCEJYS a657.6xAuditoria (control interno)10aEnsayos sobe auditoria 1aBuenos Aires :bEdiciones Macchic1980 a334 p.c22 cm. a1. Comentario general sobre la auditoria exrterna en la argentina - 2. Reflexiones sobre la anti- auditoria en la argentina - 3. Un intento de desemarañar las contradictorias normas y disposiciones sobre el dictamen del contador público - 4. La revisión de inversiones en titulos valores y sus rentas o resultados - 5. Las particularidades del registro y control del activo fijo - 6. Conceptos sobre la auidtoria y el procesamiento electronico de datos - 7. Algunas relexiones respecto a la revisión de las existencias de bienes de cambio - 8. El control interno visto por el auditor externo - 9. Las contingenias de los resultados de litigios y reclamaciones y su evaluación por auditores externos - 10. Auditoria y sindicatura en las sociedades comerciales Argentinas¿ una complementación útil o una duplicación de refuerzos sin sentido?.1 aChapman, William Leslie1 aCandioti, Eduardo María1 aGonzalez García, Ignacio A.1 aLattuca, Antonio Juan1 aMarchese, Esteban1 aMenzani, Alberto C. J.1 aNaveyra, Julio P.1 aSlosse, Carlos Alberto1 aWainstein, Mario1 aWawrzniak de Telias, Martha